[Event "Cap d'Agde Avenir op"]
[Site "Cap d'Agde"]
[Date "2003.10.25"]
[Round "3"]
[White "Billaut, Jean"]
[Black "Barraut, M."]
[Result "1-0"]
[WhiteElo "1700"]
[BlackElo "1600"]
[PlyCount "75"]
[EventDate "2003.10.24"]
[EventType "swiss"]
[EventRounds "9"]
[EventCountry "FRA"]
[SourceTitle "EXT 2005"]
[Source "ChessBase"]
[SourceDate "2004.11.15"]
[SourceVersion "1"]
[SourceVersionDate "2004.11.15"]
[SourceQuality "1"]

1. e4 e6 2. d4 d5 3. e5 c5 4. c3 Nc6 5. Nf3 Qb6 6. a3 Bd7 7. b4 cxd4 8. cxd4 Nge7 9. Nc3 a6 10. Na4 Qc7 11. Bd3 a5 12. b5 Nd8 13. Nc5 b6 14. Nxd7 Qxd7 15. a4 Nf5 16. 0-0 Be7 17. Ba3 0-0 18. Qb3 Bxa3 19. Qxa3 f6 20. Bxf5 exf5 21. Rac1 Ne6 22. Rc6 Rab8 23. Re1 fxe5 24. Rxe5 Rf6 25. Rd6 Qe7 26. Rexd5 Nf8 27. Qe3 Rxd6 28. Qxe7 Rxd5 29. Qc7 Rbd8 30. Qc4 Kh8 31. Ne5 h6 32. Nf7+ Kh7 33. Nxd8 Rxd8 34. d5 Re8 35. g3 Re4 36. Qc8 Ng6 37. Qxf5 Rxa4 38. h4 1-0